[Event "Stay Safe Play From Home 236"]
[Site "Emanuel Lasker Arena"]
[Date "2020.06.18"]
[Round "4"]
[White "Hoffentlichreichts"]
[Black "SoulofWolf"]
[Result "0-1"]
[WhiteElo "2366"]
[BlackElo "2175"]
[Annotator "TA"]
[PlyCount "148"]
[EventDate "2020.06.18"]
[EventType "swiss (blitz)"]

{[%evp 9,148,0,55,6,33,15,21,3,18,0,21,6,41,32,44,45,39,40,67,-22,-15,-25,-23,-107,-93,-426,-62,-686,-227,-231,-134,-341,-114,-112,-81,-61,142,147,198,205,248,185,237,219,287,255,293,283,284,278,300,299,300,296,419,442,420,417,404,366,510,541,504,347,312,307,303,193,177,141,141,141,169,104,104,104,104,103,106,104,103,103,141,141,141,141,141,141,141,141,141,141,141,134,141,129,139,129,131,120,181,72,192,0,0,0,0,0,0,0,1,1,1,0,0,0,0,-708,16,0,0,-485,0,0,0,0,14,0,0,0,0,-16,-16,-479,0,-437,0,-8,-8,-29984,-1087]} 1. e4 e6 2. Nc3 c5 3. d4 cxd4 4. Qxd4 Nc6 5. Qd3 Nb4 (5... Nf6 $11) 6. Qd1 {[#] B23: Closed Sicilian: Lines without g3.} a6 $146 ({Predecessor:} 6... Nf6 7. Nf3 Be7 8. Be2 d6 9. h4 h6 10. e5 Nfd5 11. Bb5+ Bd7 12. Bf4 Nxf4 {0-1 (18) Peters,C (983)-Omura,S (1069) IECC email 1999}) 7. a3 Nc6 8. Nf3 {The position is equal.} b5 9. g3 Bb7 10. Bg2 Bc5 11. O-O Nge7 12. e5 O-O 13. Ne4 Bb6 14. Qd3 ({White should try} 14. Nd6 $14 Qb8 15. Qd3) 14... Ng6 $1 $11 15. Bf4 Nce7 16. Nfg5 (16. Be3 $11 {keeps the balance.}) 16... Nd5 $17 17. Nd6 $2 {[%mdl 8192]} (17. Nh3 $17 {is a better chance.}) 17... Bc6 $2 (17... Ndxf4 $19 18. Nxb7 Qxg5 19. gxf4 Nxf4 {[%mdl 64] Double Attack}) 18. c4 $2 {[%mdl 8192]} (18. Bc1 $15) 18... bxc4 $2 (18... Ndxf4 19. gxf4 Bxg2) 19. Qxc4 $19 Bc7 (19... Ndxf4 $19 20. gxf4 Bxg2 21. Kxg2 Nxe5 $1 {[%mdl 512]}) 20. Nge4 $2 (20. Ngxf7 $17 Rxf7 21. Nxf7 Kxf7 22. Rfd1) 20... Bxd6 $2 ({But not} 20... Ngxf4 21. gxf4 Qh4 22. f5) (20... Ndxf4 $19 {has better winning chances.} 21. gxf4 Qh4) 21. Nxd6 $17 f6 22. exf6 Rxf6 $2 (22... Ngxf4 $15 {keeps the upper hand.} 23. f7+ Kh8 24. gxf4 Qe7) 23. Bg5 $16 {[%mdl 64] Skewer} Qf8 (23... Rxf2 $16 24. Rxf2 (24. Bxd8 Rxg2+ {[%mdl 64] Decoy} 25. Kxg2 Ne3+ 26. Kg1 Nxc4 $16) 24... Qxg5) 24. Bxf6 $18 gxf6 25. Ne4 f5 (25... Bb5 $142 26. Qd4 Bxf1 27. Rxf1 Ne5) 26. Ng5 Rc8 27. Rac1 h6 28. Nf3 Bb7 29. Qb3 Bc6 30. Nd4 Rb8 31. Qc2 Bb5 (31... Bb7 $142 32. Rfd1 Nge7) 32. Nxb5 Rxb5 33. Rfd1 Nge7 34. b4 a5 35. Qc4 Qb8 36. bxa5 Rxa5 37. a4 Qa8 38. Rb1 Rxa4 39. Rb8+ {[%mdl 64] Deflection} Qxb8 40. Qxa4 Qc7 41. h4 ({Better is} 41. Qa8+ $18 Kg7 42. Qe8 (42. Bxd5 Nxd5 43. h4 Nf6 $16)) 41... Kf7 $16 42. Bxd5 Nxd5 {[%mdl 4096] Endgame KQR-KQN} 43. Qa1 Qc2 44. Re1 Qd2 45. Rf1 Qb4 46. Qh8 {aiming for Qh7+.} Qf8 47. Qh7+ Qg7 48. Qxg7+ Kxg7 {KR-KN} 49. Rd1 Nf6 50. Ra1 Kf7 51. Kg2 Ke7 52. f3 Nd5 53. Kh3 Ne3 54. g4 Nd5 (54... Kf6 $16 {was worth a try.} 55. Ra3 Nc4) 55. g5 (55. gxf5 $18 {is more deadly.} exf5 56. Kg3) 55... h5 (55... hxg5 $16 56. hxg5 Nf4+ 57. Kh4 e5) 56. f4 $2 (56. Ra4 $18) 56... Nxf4+ $11 57. Kg3 Ng6 58. Ra8 f4+ 59. Kf3 Nxh4+ 60. Kxf4 Ng6+ 61. Kg3 e5 62. Kf3 Ke6 63. Ke4 $2 {[%mdl 8192]} (63. Re8+ $11 Kf5 64. Rd8) 63... Nf4 $2 (63... d5+ $19 64. Kf3 Kf5) 64. Ra6+ d6 65. Ra8 $2 {[%mdl 8192]} (65. Kf3 $11) 65... Ng6 $2 (65... d5+ $19 66. Ke3 Kf5 67. Rf8+ Kxg5 68. Rg8+ Ng6) 66. Ra6 Ne7 67. Ke3 Kd5 68. Ke2 Ke6 69. Ke1 e4 70. Ra5 d5 {Hoping for ...Kf5.} 71. Ra8 $2 {[%mdl 8192]} (71. Ra7 $1 $11) 71... Ke5 $2 ({Black should play} 71... Kf5 $19 72. Rh8 Kxg5) 72. Ra6 $2 {[%mdl 8192] [#]} (72. Re8 $11 {and White has nothing to worry.} Ke6 73. Kf2) 72... Nf5 $2 (72... Kf5 $1 $19 {[%cal Rf5g5]} 73. Rd6 Kxg5) 73. Ra5 Nd4 {...Nf3+ is the strong threat.} 74. Rb5 $2 {[%mdl 8192]} (74. g6 $11 Nf5 75. Kf2) 74... Nf3+ {Accuracy: White = 56%, Black = 47%.} (74... Nxb5 $142 75. Kf2 Kf5 76. g6 Kxg6 77. Ke3 h4 78. Ke2 d4 79. Kd1 h3 80. Kc2 h2 81. Kb3 h1=Q 82. Kc4 e3 83. Kb4 e2 84. Kxb5 e1=Q 85. Kb6 Qc3 86. Ka7 Qc7+ 87. Ka6 Qf1#) 0-1

[Event "Stay Safe Play From Home 236"]
[Site "Emanuel Lasker Arena"]
[Date "2020.06.18"]
[Round "4"]
[White "Mepe_Nika"]
[Black "Lamborghini"]
[Result "0-1"]
[WhiteElo "2350"]
[BlackElo "2244"]
[Annotator "TA"]
[PlyCount "122"]
[EventDate "2020.06.18"]
[EventType "swiss (blitz)"]

{[%evp 12,122,6,-1,0,0,15,4,29,34,62,31,50,54,77,60,68,20,127,120,146,77,95,55,85,93,120,112,96,97,162,158,232,107,105,87,125,126,141,123,140,129,132,125,283,279,279,212,215,218,416,408,411,402,387,337,436,326,343,332,305,202,193,207,222,218,201,0,0,0,172,0,670,671,1187,1166,1111,1105,29978,29981,29981,29982,29984,29985,29985,29986,29986,29986,29986,29987,29988,29982,29982,29983,29983,29984,29984,29985,29985,29985,29986,29987,29988,29987,29987,0,29988,29989,29989,29989,29990,0,29989]} 1. d4 g6 2. Bf4 Bg7 3. e3 d6 4. Nf3 Nf6 5. h3 O-O 6. Be2 Nc6 7. O-O b6 {A48: 1 d4 Nf6 2 Nf3 g6: Torre, London and Colle Systems.} 8. Bh2 Bb7 9. c4 {[#]} Qd7 $146 ({Predecessor:} 9... Ne4 10. Nbd2 Nxd2 11. Qxd2 e5 12. Rfd1 exd4 13. exd4 d5 14. Rac1 dxc4 15. Bxc4 Ne7 16. Bxc7 {1-0 (16) Westerberg,J (2321)-Olund,J (2141) Stockholm 2011}) 10. Nc3 Rae8 11. Rb1 a6 12. b4 Nd8 13. a4 Qc8 14. a5 Qa8 (14... bxa5 $1 $11 {remains equal.} 15. bxa5 Nd7) 15. axb6 $16 cxb6 16. Ne1 (16. d5 $142) 16... Ne6 17. Bf3 Bxf3 18. Nxf3 a5 19. bxa5 bxa5 20. Qa4 Rc8 (20... Rb8 $16) 21. Rb5 $18 Ne4 (21... Qc6 $16 {is a better defense.}) 22. Nxe4 ({But not} 22. Rxa5 $6 Nxc3 23. Rxa8 Nxa4 $16) (22. Nd5 $18 {and the rest is easy.} Rfe8 23. Qc2 (23. Rxa5 Qc6 $16)) 22... Qxe4 $16 23. Rxa5 ({Reject} 23. Qxa5 Qd3 $11) 23... Qd3 24. Rc1 h6 25. Ra7 Rfe8 26. Ne1 Qf5 27. Qd1 d5 $2 (27... Qe4 $16 28. Nd3 h5) 28. c5 $18 Ng5 29. Qd3 Ne4 30. f3 Nf6 $2 (30... Nd6 31. Rb1 (31. Bxd6 exd6 32. Kf2 dxc5 $16) 31... Nc4) 31. Qxf5 gxf5 32. Nd3 Nh5 33. Be5 f6 34. Bf4 e5 35. Bh2 f4 36. exf4 e4 37. fxe4 dxe4 38. Nb4 f5 39. d5 $2 (39. Nc2 $18) 39... Bd4+ $11 {[%mdl 64] Double Attack} 40. Kf1 $1 {And now Nc6 would win.} e3 $2 {[#] Black is now going downhill.} (40... Bxc5 $11 {and Black stays safe.} 41. Rb7 Bxb4 42. Rxc8 Rxc8 43. Rxb4 Rc1+ 44. Kf2 Rc2+ 45. Kg1 Nf6) 41. Ke2 $2 (41. Nd3 $1 $18 {d6 is the strong threat.} e2+ 42. Ke1) 41... Re4 $2 {[%mdl 8192]} (41... Bxc5 $11 42. d6 Bxd6) 42. d6 $18 Bxc5 43. d7 Rd8 44. Rxc5 {Hoping for Rc8!} Rxb4 {[#]} 45. Rc8 $1 Rb2+ 46. Kxe3 Rb8 47. Rxb8 Rxb8 {[%mdl 4096] Endgame KRB-KRN} 48. Rc7 Rd8 {[#]} 49. Rc8 $1 Kf7 50. Rxd8 Nf6 51. Rc8 Nxd7 {[#]} 52. Rc7 $1 Ke6 {[#]} 53. Rxd7 $1 Kxd7 {KB-KPP} 54. g4 Ke6 55. g5 h5 56. h4 Kf7 57. Kf3 Kg6 58. Ke3 Kf7 59. Kd4 Ke6 60. Kc4 Kd6 61. Kd4 Ke6 {[%mdl 32768] Accuracy: White = 68%, Black = 50%. . Sensor Board Error (Ke4/e5)?} 0-1

[Event "Stay Safe Play From Home 236"]
[Site "Emanuel Lasker Arena"]
[Date "2020.06.18"]
[Round "4"]
[White "little champs"]
[Black "Lazieri3"]
[Result "1-0"]
[WhiteElo "2272"]
[BlackElo "2118"]
[Annotator "TA"]
[PlyCount "105"]
[EventDate "2020.06.18"]
[EventType "swiss (blitz)"]

{[%evp 11,105,51,54,46,68,50,51,47,60,41,51,38,55,40,49,29,36,8,8,8,4,5,0,-21,0,-25,36,-28,6,0,45,31,68,75,108,106,285,68,79,81,64,56,60,60,61,56,62,44,50,38,32,5,37,0,0,0,0,0,4,8,7,0,0,0,15,0,0,-6,-15,-14,0,0,0,-14,0,0,51,62,45,52,339,27,519,512,599,471,782,778,687,745,29969,29970,29986,29987,29987,29988]} 1. d4 c6 2. e4 d5 3. Nc3 dxe4 4. Nxe4 Nd7 5. Nf3 Ndf6 6. Ng3 Bg4 7. Be2 {B17: Caro-Kann: Modern Line (4...Nd7).} Nh5 {[#]} 8. O-O $146 ({Predecessor:} 8. Nxh5 Bxh5 9. O-O e6 10. c4 Nf6 11. Be3 Bd6 12. h3 Qc7 13. Re1 O-O 14. Rc1 Rfd8 {1-0 (76) Rantanen,V (1985)-Reuben,S (2074) Novi Sad 2017}) 8... Nxg3 9. fxg3 {White is slightly better.} Bxf3 10. Bxf3 Nf6 11. c3 e6 12. Qe2 h6 13. Bf4 (13. g4 {is interesting.} Be7 14. g3 a5 15. Bg2 Nd7 16. Be3) 13... Bd6 14. Be5 Bxe5 15. Qxe5 O-O 16. Rae1 Rc8 17. Bd1 Qc7 18. Qe3 {Rxf6! is the strong threat.} Nd5 ({Better is} 18... c5 $11) 19. Qd2 (19. Qd3 $14) 19... Rce8 20. Bb3 Qd6 21. Bc2 f5 22. Re5 Nf6 23. Rfe1 Nd7 $2 {[#]} (23... Qd7 $16 24. Qe2 g6) 24. R5e2 $2 ({Only move:} 24. Rxe6 $1 $18 {[%mdl 512]} Rxe6 (24... Qxe6 25. Rxe6) 25. Rxe6) 24... Nf6 25. Bb3 {[%cal Re2e6]} Nd5 26. Qd3 Kh8 27. Re5 Rf6 28. a3 Ref8 29. Bxd5 (29. Qe2 {seems wilder.} Re8 30. Bc2 g6 31. Bb3 Kg7 32. Qd2) 29... exd5 30. Re8 f4 31. Rxf8+ (31. g4 {feels hotter.} Kg8 32. Rxf8+ Rxf8 33. Re5 Qf6 34. b4) 31... Rxf8 (31... Qxf8 {is interesting.} 32. g4 f3 33. Re5 fxg2 34. Qe2 Qf7) 32. gxf4 (32. g4 {feels hotter.} Kg8 33. Re5 Qf6 34. b4 Rf7 35. Qf5) 32... Qxf4 {( -> ...Qf2+!)} 33. Qe3 Qxe3+ 34. Rxe3 $11 {[%mdl 4096] Endgame KR-KR} Rf7 35. Re8+ Kh7 36. Ra8 a6 37. Re8 g6 38. b3 h5 39. c4 dxc4 40. bxc4 Rf4 41. Rd8 Kh6 42. g3 Re4 43. Kf2 b5 (43... Kg5 $11) 44. Kf3 $14 Re6 $1 45. c5 {Black must now prevent Rd6.} Re1 $2 {[%mdl 8192]} (45... Kg5 $1 $14) 46. d5 $2 ({White should try} 46. Rd6 $18) 46... Rd1 $2 {[%mdl 8192]} (46... cxd5 $11 47. Rxd5 Ra1) 47. d6 a5 48. Ke4 b4 (48... Kg7 $142 49. Rc8 Kf6 50. Rxc6 Ke6) 49. axb4 $18 axb4 50. Rb8 Rd5 51. Rxb4 {White mates.} Rxc5 52. d7 Rd5 53. Rd4 {Accuracy: White = 72%, Black = 58%.} 1-0

[Event "Stay Safe Play From Home 236"]
[Site "Emanuel Lasker Arena"]
[Date "2020.06.18"]
[Round "4"]
[White "Bardellosport"]
[Black "NeatFox"]
[Result "1/2-1/2"]
[WhiteElo "2045"]
[BlackElo "1774"]
[Annotator "TA"]
[PlyCount "168"]
[EventDate "2020.06.18"]
[EventType "swiss (blitz)"]

{[%evp 9,168,-12,-12,-12,20,14,34,9,243,244,264,243,283,172,485,165,323,133,274,216,433,235,325,322,305,256,256,141,270,72,64,-47,-58,-68,-7,-150,173,-189,-77,-88,0,0,258,267,245,-124,208,199,306,-130,-112,-846,-227,-227,-95,-29985,-29986,-6833,-4045,-4898,-581,-569,-555,-554,-547,-526,-469,-469,-468,-466,-453,-467,-458,-463,-446,-489,-454,-431,-431,-458,-422,-579,-579,-564,-556,-535,-508,-747,-679,-576,-433,-405,29974,29975,29976,29977,29978,29979,29979,29979,29979,29978,29980,29981,29981,29982,29983,29984,29984,29984,29984,29984,29984,29984,29985,0,29986,29985,29985,29983,29983,29983,29983,0,29983,0,29983,0,29982,29983,29989,29984,29986,29987,29988,29989,29989,29988,29988,29989,29989,29988,29989,29989,29989,29990,29990,29991,29994,29995,29995,29993,29995,29994,29994,29993,29993,29994,29995,8,8]} 1. d4 b6 2. e3 Bb7 3. f4 g6 4. Nf3 Bg7 5. Bd3 Nf6 6. Qe2 {A40: Unusual replies to 1 d4.} d6 7. e4 {[#]} c5 $146 ({Predecessor:} 7... e6 8. Bd2 d5 9. e5 Ne4 10. c3 Nxd2 11. Nbxd2 a5 12. Nf1 Ba6 13. Ne3 Bxd3 14. Qxd3 {1-0 (40) Schaefer,R-Goldschmidtboeing,F Baden 2002}) 8. e5 {White is slightly better.} cxd4 $2 (8... Nd5 $1 $11) 9. exf6 $18 Bxf6 10. O-O O-O 11. Ng5 Bg7 $2 (11... Nc6 {is a better chance.} 12. Bd2 a6) 12. Nd2 $2 (12. f5 Qd7 13. fxg6 hxg6 14. Qf2) 12... h6 $2 (12... e6 13. b3 Na6 14. Bxa6 d3 15. cxd3 (15. Qxd3 Bxa6 16. Qxa6 Bxa1 $16) 15... Bxa6) 13. Nge4 ({Don't play} 13. Ne6 $6 fxe6 14. Qxe6+ Rf7 $18) (13. f5 $18 {and White stays clearly on top.}) 13... Qc7 (13... f5 $16) 14. Ng3 Qc6 $2 (14... f5 {is a better defense.} 15. Qe6+ Kh7) 15. Be4 (15. f5 $142) 15... Qc7 16. Bxb7 Qxb7 17. Nf3 Nc6 18. Qf2 (18. f5 $18) 18... e5 (18... f5 $16 {might work better.}) 19. fxe5 $2 (19. f5 $18) 19... dxe5 $16 20. Nd2 (20. b3 $14) 20... f5 $15 {[%mdl 1024] Black has compensation.} 21. Ne2 e4 (21... Kh7 $15) 22. Nc4 (22. Nb3 $11 {keeps the balance.}) 22... Rae8 $2 (22... b5 $17 23. Na3 b4) 23. b3 $4 {[%mdl 8192]} (23. Nd6 $18 {and all is fine.} Qe7 24. Nxe8 Rxe8 25. Qg3) 23... Qd7 (23... d3 $19 24. Nd6 Qd7 25. Nxe8 dxe2 26. Nxg7 exf1=B 27. Kxf1 Qxg7) 24. Ba3 Rf7 (24... Rf6 $1 $17 25. Bb2 b5) 25. Nd6 $11 Rfe7 $2 {[%mdl 8192]} (25... d3 $11 {and Black is okay.} 26. cxd3 exd3 27. Nxe8 dxe2 28. Nxg7 (28. Qxe2 Bxa1 29. Rd1 Bd4+ 30. Kf1 Kh7 $17) 28... exf1=B 29. Rxf1 Kxg7) 26. Nxe8 $18 Rxe8 27. Nf4 $2 (27. Rad1 $18) 27... Ne5 $2 {[%mdl 8192]} (27... d3 $1 $17 {keeps the pressure on. And now ...Bd4 would win.} 28. Kh1 Bxa1 29. Rxa1 d2) 28. Bb2 d3 (28... Ng4 {keeps fighting.} 29. Qe2 Qc6) 29. Bxe5 $2 (29. cxd3 $18 g5 30. Nh5) 29... Bxe5 $17 30. Nxg6 $2 {[%mdl 8192]} (30. Kh1 $17 Bxa1 31. Rxa1) 30... Bxa1 $2 (30... Bd4 31. cxd3 Bxf2+ 32. Rxf2 Qg7 $1 {[%mdl 512]}) 31. Rxa1 $19 {[#]} Qg7 (31... e3 $1 $19 {[%cal Re3f2]} 32. Qg3 Qd4) 32. Nf4 $2 {[%mdl 8192]} (32. Rb1 $17 dxc2 33. Rc1 Qxg6 34. Qxc2) 32... Qxa1+ {[%mdl 64] Double Attack} 33. Qf1 Qxf1+ 34. Kxf1 {[%mdl 4096] Endgame KR-KN} Kf7 (34... dxc2 $142 35. Ne2 Rd8) 35. cxd3 exd3 36. Nxd3 Kf6 37. Kf2 Rd8 38. Ke3 Ke6 39. Nf4+ Ke5 40. Ng6+ Kd5 41. Ne7+ Ke6 42. Ng6 Rg8 43. Nf4+ Kd6 44. g3 Re8+ 45. Kd4 Re4+ 46. Kd3 Re1 47. Ne2 Ra1 48. Nd4 Rxa2 49. Nxf5+ Ke5 50. Nxh6 Rxh2 $4 {[%mdl 8192]} (50... b5 $19 51. Kc3 a5) 51. Ng4+ {[%mdl 64] Double Attack} Kf5 52. Nxh2 {KN-KPP} Kg5 53. g4 a6 54. Kc4 Kf4 55. b4 Ke5 56. b5 a5 57. Kb3 Kd5 58. Ka4 Ke5 59. Nf3+ Kf4 60. g5 Kf5 61. Kb3 Ke6 62. Ka4 $2 (62. Nd2 a4+ 63. Kxa4 Kf5 64. Nc4 Kxg5 65. Nxb6 Kf6 66. Na8 Ke6 67. b6) 62... Kd6 $2 {[%mdl 8192]} (62... Kf5 $11 63. Nd2 Ke6 64. g6 Kf6 65. Nc4 Kxg6 66. Nd6 Kg7 67. Nc8 Kf6 68. Nxb6 Ke6 69. Kxa5 Ke7) 63. g6 Ke6 64. Nh4 Kf6 65. Kb3 Kg7 66. Ka4 Kf6 67. Kb3 Kg7 68. Ka4 $2 (68. Ng2 Kxg6 69. Nf4+ Kf5 70. Nd5 Ke4 71. Nxb6 Ke5 72. Ka4 Kd6 73. Kxa5) 68... Kh6 $2 {[%mdl 8192]} (68... Kf6 $11 69. Nf5 Kxg6 70. Nd6 Kg5 71. Nc4 Kf5 72. Nxb6 Ke6 73. Kxa5 Kd6) 69. Nf5+ Kg5 70. Nd6 Kf6 71. Nc8 Kg7 72. Nxb6 Kxg6 73. Kxa5 Kf6 74. Na8 Ke7 75. Kb6 Kd7 76. Ka7 Kc8 77. b6 Kd7 78. b7 Kc6 79. b8=Q Kc5 80. Qb7 Kd6 81. Nc7 Ke5 82. Qb6 Kf4 83. Qe6 Kg5 84. Qf6+ $2 (84. Nd5 {mates} Kh5 85. Qf5+ Kh4 86. Qg6 Kh3 87. Ne3 Kh4 88. Qg4#) 84... Kxf6 {Accuracy: White = 44%, Black = 38%.} 1/2-1/2

[Event "Stay Safe Play From Home 236"]
[Site "Emanuel Lasker Arena"]
[Date "2020.06.18"]
[Round "4"]
[White "Haxhi Baha"]
[Black "Tartak"]
[Result "1-0"]
[WhiteElo "1990"]
[BlackElo "1713"]
[Annotator "TA"]
[PlyCount "53"]
[EventDate "2020.06.18"]
[EventType "swiss (blitz)"]

{[%evp 9,53,-27,-16,-27,-8,-109,-107,-178,-193,-157,-172,-195,38,35,130,0,8,-24,68,97,125,115,362,360,330,296,335,302,694,504,1143,1125,1029,516,604,589,616,597,650,643,29990,533,906,906,837,802]} 1. e4 e6 2. f4 d5 3. e5 c5 4. Nf3 Nc6 5. b3 Qb6 6. Bb2 {C00: French: Unusual White 2nd moves.} Nh6 {[#]} 7. d4 $146 (7. g3 $11 {keeps the balance.}) ({Predecessor:} 7. Nc3 Nf5 8. Bd3 Nfd4 9. Nxd4 Nxd4 10. Na4 Qc7 11. Bxd4 cxd4 12. Bb5+ Bd7 13. Qe2 Qxc2 14. Bxd7+ Kxd7 {1-0 (38) Lada,I (2163)-Pyrzynski,M (1980) Lubawka 2006}) 7... Nf5 {[%cal Rc5d4]} 8. dxc5 (8. Bd3 $17) 8... Bxc5 $19 {( -> ...Bf2+)} 9. Bd3 Ne3 10. Qe2 d4 $2 (10... Nb4 $19 {Threatens to win with ...0-0.} 11. Nc3 Bd7) 11. Nbd2 O-O {[#]} (11... a5 $14) 12. Ne4 ({White should play} 12. Bxh7+ $1 $16 {[%mdl 512]} Kxh7 13. Ng5+ Kh6 14. Nc4 Bb4+ 15. Kf2) 12... Bb4+ 13. Kf2 Nf5 ({Black should try} 13... f5 $11 14. exf6 gxf6) 14. g4 $36 {[%mdl 2048] White is in control.} Ne3 15. a3 Bc3 $2 {A mistake that costs the game.} (15... Be7 $16) 16. Bxc3 $18 ({Less strong is} 16. Nxc3 Nxg4+ 17. Kg3 dxc3 $16) 16... Nxg4+ 17. Kg3 dxc3 18. Kxg4 h5+ $2 (18... f5+ 19. exf6 e5+ 20. Kh4 Nd4 21. Nxd4 Rxf6 22. Nxf6+ {[%mdl 64] Discovered Attack} Qxf6+ 23. Kg3 Qxf4+ 24. Kg2 Qg5+ 25. Kf2 Qh4+ 26. Kg1 Qg5+ 27. Kf2 Qh4+ 28. Kg1 Qxd4+ 29. Kg2 Be6) 19. Kg3 Nd4 (19... Ne7 $142 20. Nxc3 Bd7) 20. Nxd4 Qxd4 21. Qf2 h4+ 22. Kf3 {Threatening mate with Nf6+!} Qxf2+ 23. Kxf2 Bd7 {[#]} 24. Rhg1 $1 Bc6 25. Rg4 (25. Nf6+ $142 Kh8 26. Rg4 g5 27. Rxg5 Rg8 28. Rh5+ {[%mdl 64] Double Attack} Kg7 29. Rg1+ Kf8 30. Rxg8+ Ke7 31. Rxa8 a6 32. Rhh8 Bb5 {[#]} 33. Rhe8+ $1 {[%mdl 512]} Bxe8 34. Rxe8#) 25... g6 26. Nf6+ Kg7 27. Rag1 {Accuracy: White = 58%, Black = 25%.} 1-0

[Event "Stay Safe Play From Home 236"]
[Site "Emanuel Lasker Arena"]
[Date "2020.06.18"]
[Round "4"]
[White "Souchov"]
[Black "Greblha"]
[Result "1-0"]
[WhiteElo "1801"]
[BlackElo "1966"]
[Annotator "TA"]
[PlyCount "141"]
[EventDate "2020.06.18"]
[EventType "swiss (blitz)"]

{[%evp 13,141,72,69,56,68,50,61,26,92,37,39,-66,-66,-68,-66,-64,-49,-73,0,14,69,82,91,52,130,95,277,274,272,293,260,269,306,286,1315,1310,1274,1252,1216,1194,1190,1177,1244,1296,1367,1043,1655,1606,1678,1645,1864,1610,1970,1352,12834,5457,4966,3746,3189,3164,29992,29991,29992,29993,29992,29988,29992,572,29992,29993,29994,29993,29995,29994,29994,29994,29993,29994,29995,29995,29995,918,778,-441,896,-157,804,655,6817,6448,6721,5124,2769,2037,29978,29979,29979,29980,29980,29980,29980,29981,29981,29979,29971,29968,29965,12819,12819,10016,29988,29989,29990,29991,29993,29991,29992,0,29991,29992,29994,29995,29996,0,29993,29994,29994,29994,29994,29994]} 1. e4 c6 2. d4 d5 3. Nd2 dxe4 4. Nxe4 Nf6 5. Nxf6+ gxf6 6. c3 Bf5 7. Nf3 e6 8. Be2 {B16: Caro-Kann: Bronstein-Larsen Variation.} Bd6 9. O-O {[#]} Nd7 $146 ({Predecessor:} 9... Qc7 10. g3 Nd7 11. Nh4 Bh3 12. Re1 O-O-O 13. Bg4 Bxg4 14. Qxg4 f5 15. Qf3 Rdg8 {0-1 (36) Hatala,J-Wood,R Seattle 1986}) 10. Nh4 {White is slightly better.} Bg6 (10... Be4 $11 {keeps the balance.}) 11. Be3 (11. Bf3 $16) 11... Qc7 $14 12. Qd2 ({White should try} 12. g3 $14) 12... Bxh2+ $15 13. Kh1 Bd6 14. c4 c5 15. d5 e5 (15... O-O-O $17) 16. Bg4 $11 O-O (16... O-O-O $11) 17. Bf5 {White leaves nothing to chance now.} ({Much worse is} 17. Nxg6 hxg6 18. Bh6 Rfe8 $15) 17... Rfe8 18. Bh6 Nf8 (18... b5 $14) 19. Qe3 Bxf5 $2 (19... b5 $16 {is a better defense.}) 20. Nxf5 $18 Ng6 21. Bg7 e4 {Black wants to play ...Re5.} 22. Bxf6 Bf4 23. Qh3 Qd7 $2 (23... Qb6) 24. Nh6+ {[%mdl 64] Discovered Attack} Kf8 25. Qxd7 {[%csl Gh6][%cal Rd7f7]} Bxh6 26. Qd6+ Kg8 27. Qxc5 Bf8 28. Qd4 Rac8 29. c5 Nf4 30. d6 Ne6 31. Qe5 Bg7 32. Qg3 Kf8 33. d7 Rcd8 34. dxe8=Q+ Rxe8 35. Bxg7+ Nxg7 36. Rad1 e3 37. Rd7 Re7 38. Rxe7 Kxe7 39. Qxe3+ Kf6 40. Qe5+ (40. Qh6+ $142 Ke5 41. Qxg7+ Kd5 42. Rd1+ Kc6 43. Qxf7 a6 44. Qxh7 b6 45. Qd7+ Kxc5 46. Qd5+ Kb4 47. Rd4#) 40... Kg6 41. f4 {[%csl Gf4][%cal Re5g5]} f6 42. Qe4+ Kf7 43. f5 Nh5 44. Qd5+ Kg7 45. Re1 Kh6 46. Kh2 Nf4 47. Re6 (47. Qg8 $142 Ng6 48. Kg3 a5 49. Kg4 Ne5+ {[#]} 50. Rxe5 $1 {[%mdl 576] Deflection} fxe5 51. Qg5#) 47... Nxd5 48. Rxf6+ $4 {[%mdl 12288] Endgame KR-KN} (48. Rd6 $18 {and all is fine.} Nb4 49. Rxf6+ Kg5 50. Rf7 {[%mdl 64] Double Attack}) 48... Kg5 $4 {[%mdl 8192]} (48... Nxf6 $19 49. a3 Kg5) 49. Rg6+ $2 (49. Rf7 $18 a5 50. Rxb7 Kxf5 51. Rxh7) 49... Kxf5 $2 (49... hxg6 $17 50. fxg6 Kxg6) 50. Rh6 Nf4 51. Rxh7 Ng6 52. Rh5+ Kg4 53. Rh3 Kg5 54. Rg3+ Kf6 {[#]} 55. Rxg6+ $1 Kxg6 {KP-KP} 56. Kg3 Kf5 57. Kf3 Ke5 58. g3 Kd5 59. g4 Kxc5 {K3P-KPP} 60. g5 (60. Ke4 $142 Kd6 61. Kf5 b5 62. g5 Kc5 63. g6 Kd4 64. g7 Kd3 65. g8=Q) 60... Kd6 61. g6 Ke5 62. g7 Kf6 63. g8=Q Kf5 64. Qf8+ Ke6 65. Qe7+ $2 (65. Ke4 b6 66. Qh6+ Ke7 67. Ke5 Kd7 68. Kd5 Kd8 69. Qg7 b5 70. Kd6 Ke8 71. Qg8#) 65... Kd5 $2 {[%mdl 8192]} (65... Kxe7 $11 66. Ke4 Kd6) 66. Kf4 Kc4 67. Qe5 Kd3 68. Qe7 $2 (68. Qc3+ {mates} Ke2 69. Qc2+ Ke1 70. Kf3 Kf1 71. Qf2#) 68... Kc2 $2 {[%mdl 8192]} (68... Kc4 $11 69. Qxb7 Kd4 70. Qd7+ Kc4 71. Ke5 a6 72. Qd5+ Kb4 73. a3+ Ka4 74. Qc4+ {[%mdl 64] Double Attack} Ka5 75. Qb4#) 69. Qxb7 {White mates.} Kb1 70. Qxa7 Ka1 71. Qb6 {Accuracy: White = 66%, Black = 38%.} 1-0

[Event "Stay Safe Play From Home 236"]
[Site "Emanuel Lasker Arena"]
[Date "2020.06.18"]
[Round "4"]
[White "Aktürk"]
[Black "Position"]
[Result "0-1"]
[WhiteElo "1479"]
[BlackElo "2062"]
[Annotator "TA"]
[PlyCount "48"]
[EventDate "2020.06.18"]
[EventType "swiss (blitz)"]

{[%evp 9,48,-72,-77,-451,-349,-914,-912,-1078,-1054,-1268,-1264,-1256,-1267,-1322,-1257,-1330,-1263,-1315,-1323,-1417,-1343,-1541,-1489,-1651,-1650,-1909,-1608,-1635,-1591,-2214,-2205,-29988,-29989,-29989,-29989,-29993,-29994,-29996,-29997,-29998,-29999]} 1. e3 c6 2. Qf3 d5 3. Qg3 ({Predecessor:} 3. d4 Nf6 4. Nh3 Bg4 5. Qg3 e6 6. f3 Bd6 7. f4 h5 8. Bd3 c5 9. Nf2 {0-1 (42) Kilyen,L-Milea,F (2015) Sovata 2001}) 3... Nf6 4. b3 g6 5. Bb2 Bg7 {[#] And now ...Nh5 would win.} 6. h4 $2 {[%mdl 8192] A00: Irregular Openings.} (6. Qh4 $17 {is more resistant.}) 6... Ne4 7. Qf3 $2 (7. Qxb8 Rxb8 8. Bxg7) 7... Bxb2 $19 8. Nc3 {Black is clearly winning.} Nxc3 9. dxc3 Bxc3+ 10. Kd1 Bxa1 11. Ne2 Bf6 12. h5 Nd7 {[%cal Bb8d7,Bd7e5,Be5d3][%mdl 32]} 13. hxg6 fxg6 14. Nf4 Ne5 15. Qg3 Bf5 16. Bd3 Nxd3 17. cxd3 e5 18. Ne2 Bxd3 19. Nc3 Qa5 20. Kd2 e4 {Black mates.} 21. Rc1 O-O 22. Qg4 Bxc3+ {[%mdl 64] [#] Discovered Attack} 23. Rxc3 Rxf2+ 24. Kc1 Qxc3+ {Black took control after the opening.} 0-1